| 000 | 00460nam a22001817a 4500 | ||
|---|---|---|---|
| 003 | CEME | ||
| 005 | 20210628202831.0 | ||
| 008 | 210127b xxu||||| |||| 00| 0 eng d | ||
| 020 | _a0-19-515011-2 | ||
| 040 | _c. | ||
| 082 | _a629.832 ZAK | ||
| 100 |
_aZak, Stanislaw. H _961855 |
||
| 245 | _aSystems and control | ||
| 260 |
_aNEW YORK _bOXFORD UNIVERSITY PRESS _c2003 |
||
| 300 | _aXVI,704P | ||
| 650 |
_aLINEAR CONTROL SYSTEMS _926206 |
||
| 942 |
_cBK _2ddc |
||
| 999 |
_c571162 _d571162 |
||